Statistics for 胡焕庸线上的中国地级行政区地图 Chinese prefecture regions on Hu Huanyong Line map

Click here to take the quiz!

General Stats

  • This quiz has been taken 174 times
  • The average score is 21 of 30

Answers on the Map

Answers color-coded by a green-red scale on the quiz's map according to % correct below.
 

Answer Stats

地市% Correct
黑河
87%
赤峰
84%
呼和浩特
84%
甘孜藏族自治州
84%
榆林
82%
阿坝藏族羌族自治州
81%
呼伦贝尔
81%
延安
80%
张家口
80%
成都
78%
齐齐哈尔
77%
乌兰察布
76%
凉山彝族自治州
73%
兴安盟
72%
锡林郭勒盟
72%
雅安
68%
庆阳
66%
天水
66%
忻州
66%
绵阳
65%
平凉
65%
宝鸡
63%
迪庆藏族自治州
61%
陇南
61%
朔州
60%
怒江傈僳族自治州
60%
丽江
60%
大理白族自治州
60%
广元
59%
保山
54%

Score Distribution

Percentile by Number Answered

Percent of People with Each Score

Your Score History

You have not taken this quiz